Music Quiz

Random Music or Album Quiz

Action Bronson, Blue Chips 2 Quiz Stats

Quiz not verified by Sporcle

Also try: Music To-Do Lists
Challenge
Share
Tweet
Embed
Score 0/19 Timer 06:00
0 Plays Today
Track # Track % Correct
8Through The Eyes Of A G ft. Ab-Soul
83.3%
16Rolling Thunder
66.7%
3Pepe Lopez
50%
7Jackson & Travolta ft. Meyhem Lauren
50%
9Contemporary Man
50%
1Silverado
33.3%
4The Don's Cheek
33.3%
6Practice
33.3%
10Twin Peugeots ft. Big Body Bes & Mac Miller
33.3%
12Midget Cough
33.3%
Track # Track % Correct
17Amadu Diablo
33.3%
18In The City ft. Jeff Woods
33.3%
5It Concerns Me
16.7%
11Man In The Mirror
16.7%
13It's Me
16.7%
159.24.13 ft. Big Body Bes
16.7%
19I Adore You
16.7%
2Introduction ft. Big Body Bes
0%
14Flip Ya ft. RetcH
0%

You're not logged in!

Compare scores with friends on all Sporcle quizzes.
Sign Up with Email
OR
Log In

You Might Also Like...

Show Comments

Extras

Top Quizzes Today


Score Distribution

Your Account Isn't Verified!

In order to create a playlist on Sporcle, you need to verify the email address you used during registration. Go to your Sporcle Settings to finish the process.

Report this User

Report this user for behavior that violates our Community Guidelines.

Details: